00634nam a2200193Ia 4500008004100000040001800041041000800059100002200067245006000089250001200149260006700161300003300228500005900261504004700320650001500367650002000382650001700402650002100419130821s1959 xxua gr eng  aCo-BoUCMbspa00aeng1 aTruex, Raymond C.10aStrong and Elwyn's human neuroanatomycRaymond C. Truex a4th ed. aBaltimore (Maryland, Estados Unidos)bWilliams & Wilkinsc1959 a511 páginasbilustraciones aLibro disponible en 48 horas a partir de la solicitud. aIncluye bibliografía e índice general.04aAnatomía04aNeuroanatomía04aNeurología04aSistema nervioso